[Event "Benidorm 2002 - sub2300"]
[Site "Benidorm ESP"]
[Date "2002.11.29"]
[Round "8.4"]
[White "Varga Nowak, Mariano"]
[Black "Rocabert Andreu, Guillermo"]
[Result "1-0"]
[WhiteElo "2275"]
[BlackElo "2234"]
[PlyCount "53"]
[EventDate "2002.11.22"]
[EventType "swiss"]
[EventRounds "9"]
[EventCountry "ESP"]
[Source "lmi"]
[SourceDate "2002.11.24"]

1. d4 d5 2. c4 c6 3. cxd5 cxd5 4. Nf3 Nc6 5. Nc3 Nf6 6. Bf4 e6 7. Rc1 a6 8. e3
Be7 9. Be2 O-O 10. O-O Bd7 11. Ne5 Rc8 12. Nxd7 Nxd7 13. Na4 b5 14. Nc5 Nxc5
15. dxc5 Na5 16. b4 Nc4 17. e4 a5 18. exd5 exd5 19. Bg4 Ra8 20. a3 Bg5 21. Bxg5
Qxg5 22. c6 Ra7 23. Qd4 Re7 24. Bd7 axb4 25. axb4 h6 26. h4 Qh5 27. Rfe1 1-0

[Event "Benidorm 2002 - sub2300"]
[Site "Benidorm ESP"]
[Date "2002.11.29"]
[Round "8.5"]
[White "Bolado Saez, Sergio"]
[Black "Cardenas Valero, Ramon"]
[Result "0-1"]
[WhiteElo "2288"]
[BlackElo "2300"]
[PlyCount "96"]
[EventDate "2002.11.22"]
[EventType "swiss"]
[EventRounds "9"]
[EventCountry "ESP"]
[Source "lmi"]
[SourceDate "2002.11.24"]

1. e4 c5 2. Nf3 d6 3. d4 cxd4 4. Nxd4 Nf6 5. Nc3 a6 6. Bg5 e6 7. f4 Be7 8. Qf3
Nc6 9. O-O-O Qc7 10. Be2 Nxd4 11. Rxd4 b5 12. Qg3 Bb7 13. e5 dxe5 14. fxe5 Bc5
15. Rh4 Nd5 16. Nxd5 Bxd5 17. Kb1 Rc8 18. Rc1 Qa5 19. c4 bxc4 20. Bxc4 Qb6 21.
Bxd5 exd5 22. Qd3 Rb8 23. b3 Ba3 24. Rf1 Qe6 25. Ra4 Bc5 26. Ra5 Bb6 27. Rxd5
O-O 28. Rf3 Bc7 29. Re3 Rb5 30. Rxb5 axb5 31. Bf4 Rd8 32. Qc2 Bb6 33. Re1 h6
34. Bc1 Rd5 35. Bb2 Bd4 36. Bxd4 Rxd4 37. Re2 Qd7 38. a3 Rd1+ 39. Ka2 b4 40. a4
Qd4 41. Qb2 Qd5 42. Qc2 Qd4 43. Qc8+ Kh7 44. Rb2 Rf1 45. Qc4 Qg1 46. Qd3+ g6
47. Rb1 Rf2+ 48. Ka1 Qxg2 0-1

[Event "Benidorm 2002 - sub2300"]
[Site "Benidorm ESP"]
[Date "2002.11.29"]
[Round "8.6"]
[White "Madina, Martin"]
[Black "Mate Adan, Carlos"]
[Result "0-1"]
[WhiteElo "2240"]
[BlackElo "2296"]
[PlyCount "90"]
[EventDate "2002.11.22"]
[EventType "swiss"]
[EventRounds "9"]
[EventCountry "ESP"]
[Source "lmi"]
[SourceDate "2002.11.24"]

1. d4 Nf6 2. Nf3 g6 3. Bg5 Bg7 4. Nbd2 O-O 5. c3 d6 6. e3 b6 7. Bd3 Bb7 8. a4
a6 9. O-O Nbd7 10. a5 b5 11. c4 b4 12. Ra4 c5 13. d5 e5 14. Ne1 h6 15. Bh4 Qc7
16. Qc2 Nh7 17. g4 Ndf6 18. f3 Rae8 19. e4 Bc8 20. Ng2 h5 21. h3 Bh6 22. Nb3
Kg7 23. Raa1 Rh8 24. Kf2 Qd7 25. Qe2 hxg4 26. fxg4 Ng5 27. Kg3 Ref8 28. Rh1 Rh7
29. Raf1 Qe7 30. Rf2 Ne8 31. Nd2 Nxe4+ 32. Bxe4 Bf4+ 33. Kf3 Rxh4 34. Nxh4 Qxh4
35. Rg2 Nf6 36. Qe1 Qg5 37. Bc2 Rh8 38. Ne4 Nxe4 39. Bxe4 Rh4 40. Kf2 Qh6 41.
Qe2 Rxh3 42. Rxh3 Qxh3 43. Qf3 Qh4+ 44. Ke2 Qh1 45. Qf1 Bxg4+ 0-1

[Event "Benidorm 2002 - sub2300"]
[Site "Benidorm ESP"]
[Date "2002.11.29"]
[Round "8.7"]
[White "Milla de Marco, Carlos"]
[Black "Bosque Ortega, Javier"]
[Result "0-1"]
[WhiteElo "2041"]
[BlackElo "2249"]
[PlyCount "114"]
[EventDate "2002.11.22"]
[EventType "swiss"]
[EventRounds "9"]
[EventCountry "ESP"]
[Source "lmi"]
[SourceDate "2002.11.24"]

1. e4 c6 2. d4 d5 3. Nc3 g6 4. Be3 Bg7 5. Qd2 dxe4 6. Nxe4 Nd7 7. O-O-O Ngf6 8.
Nxf6+ Nxf6 9. Nf3 Ne4 10. Qe1 Be6 11. Kb1 b5 12. Ne5 Qd5 13. c4 bxc4 14. Bxc4
Qd6 15. f3 Nf6 16. Bxe6 Qxe6 17. Rc1 Rc8 18. Qa5 O-O 19. Rhe1 Nd7 20. Ng4 h5
21. Bh6 Qd6 22. Bxg7 Kxg7 23. Ne5 Qxd4 24. Rcd1 Qc5 25. Qxc5 Nxc5 26. Rc1 Ne6
27. Nxc6 Rc7 28. g3 a6 29. f4 Kf6 30. Nb4 Rxc1+ 31. Rxc1 a5 32. Nd5+ Kf5 33.
Nxe7+ Kg4 34. Nc6 Kh3 35. Rc2 a4 36. b4 axb3 37. axb3 Nc7 38. Ne5 Nb5 39. Kb2
Rb8 40. Rd2 Rb7 41. Nd7 Na7 42. Nc5 Rb4 43. Kc3 Rb6 44. Nd7 Rd6 45. Ne5 Rxd2
46. Kxd2 Kxh2 47. Nxf7 Kxg3 48. Ke3 h4 49. Ng5 Nc6 50. Ke4 h3 51. Ke3 h2 52.
Ne4+ Kg2 53. Nf2 Nb4 54. Ke2 Nd3 55. Nh1 Nxf4+ 56. Ke1 Kxh1 57. Kf1 Nd3 0-1

[Event "Benidorm 2002 - sub2300"]
[Site "Benidorm ESP"]
[Date "2002.11.29"]
[Round "8.8"]
[White "Baños, Oscar"]
[Black "Coll Enriquez, Lluis"]
[Result "1-0"]
[WhiteElo "2284"]
[BlackElo "2214"]
[PlyCount "75"]
[EventDate "2002.11.22"]
[EventType "swiss"]
[EventRounds "9"]
[EventCountry "ESP"]
[Source "lmi"]
[SourceDate "2002.11.24"]

1. c4 e5 2. Nc3 Nc6 3. g3 g6 4. Bg2 Bg7 5. e4 d6 6. Nge2 Be6 7. d3 Qd7 8. Nd5
Nd8 9. Be3 c6 10. Ndc3 Ne7 11. Qd2 h6 12. b3 c5 13. f3 f5 14. O-O Nec6 15. Rab1
Nf7 16. a3 Nd4 17. b4 O-O 18. bxc5 dxc5 19. Nd5 Kh7 20. f4 Rab8 21. Nec3 b6 22.
Rf2 Rbe8 23. Rbf1 h5 24. Qd1 Nh6 25. h3 fxe4 26. Nxe4 Nhf5 27. Ng5+ Kh8 28.
Nxe6 Rxe6 29. fxe5 Rxe5 30. Bxd4 cxd4 31. g4 Ne3 32. Rxf8+ Kh7 33. Qf3 Nxf1 34.
Bxf1 Qe6 35. Rf7 h4 36. Nf6+ Kh8 37. Ne4 Bh6 38. Rf8+ 1-0

[Event "Benidorm 2002 - sub2300"]
[Site "Benidorm ESP"]
[Date "2002.11.29"]
[Round "8.9"]
[White "Ferron Garcia, Carlos"]
[Black "Martinez Tormo, Jorge"]
[Result "1-0"]
[WhiteElo "2283"]
[BlackElo "2194"]
[PlyCount "69"]
[EventDate "2002.11.22"]
[EventType "swiss"]
[EventRounds "9"]
[EventCountry "ESP"]
[Source "lmi"]
[SourceDate "2002.11.24"]

1. e4 e5 2. d4 exd4 3. Qxd4 Nc6 4. Qe3 Nf6 5. Nc3 Bb4 6. Bd2 O-O 7. O-O-O Re8
8. Qg3 Rxe4 9. a3 Ba5 10. f3 Re8 11. h4 Nh5 12. Qh2 d6 13. g4 Nf6 14. h5 Ne5
15. g5 Nfd7 16. f4 Ng4 17. Qg3 Bxc3 18. Qxc3 Nf2 19. h6 Nf6 20. gxf6 Qxf6 21.
Qxf6 gxf6 22. Rh2 Nxd1 23. Rg2+ Kf8 24. Kxd1 Bf5 25. Bd3 Bxd3 26. cxd3 Ke7 27.
f5 Rg8 28. Rg7 c5 29. Ne2 Rxg7 30. hxg7 Rg8 31. Bh6 d5 32. Ng3 b5 33. Nh5 Re8
34. Bf4 Rc8 35. Bg3 1-0

[Event "Benidorm 2002 - sub2300"]
[Site "Benidorm ESP"]
[Date "2002.11.29"]
[Round "8.11"]
[White "Galvan Huaraca, Jesus"]
[Black "Ballesteros Gonzalez, David"]
[Result "1/2-1/2"]
[WhiteElo "2204"]
[BlackElo "2277"]
[PlyCount "96"]
[EventDate "2002.11.22"]
[EventType "swiss"]
[EventRounds "9"]
[EventCountry "ESP"]
[Source "lmi"]
[SourceDate "2002.11.24"]

1. d4 Nf6 2. c4 d6 3. Nc3 Nbd7 4. e4 e5 5. Nf3 c6 6. Be2 Be7 7. O-O O-O 8. Re1
Re8 9. Rb1 a5 10. a3 Bf8 11. Bf1 g6 12. d5 c5 13. b4 axb4 14. axb4 cxb4 15.
Rxb4 Nc5 16. Bg5 Bd7 17. h3 Ra3 18. Nb5 Bxb5 19. Rxb5 h6 20. Bc1 Ra2 21. Nd2
Nfd7 22. Nb3 Qf6 23. Qf3 Qxf3 24. gxf3 b6 25. Be3 Rea8 26. Nxc5 dxc5 27. Reb1
Ra1 28. h4 Rxb1 29. Rxb1 Ra6 30. Bh3 Nf6 31. Bc8 Ra8 32. Rxb6 Nxd5 33. cxd5
Rxc8 34. Rc6 Rxc6 35. dxc6 Bd6 36. Bxc5 Bc7 37. Kf1 h5 38. Ke2 f6 39. Kd3 Kf7
40. Kc4 g5 41. Kd3 Ke6 42. Be3 gxh4 43. Ke2 Kd6 44. Kf1 Kxc6 45. Kg2 Bd8 46.
Kh3 f5 47. exf5 Kd5 48. Bh6 Bf6 1/2-1/2

[Event "Benidorm 2002 - sub2300"]
[Site "Benidorm ESP"]
[Date "2002.11.29"]
[Round "8.12"]
[White "Daude Puvill, Antonio"]
[Black "Buchenau, Frank"]
[Result "0-1"]
[WhiteElo "2178"]
[BlackElo "2276"]
[PlyCount "64"]
[EventDate "2002.11.22"]
[EventType "swiss"]
[EventRounds "9"]
[EventCountry "ESP"]
[Source "lmi"]
[SourceDate "2002.11.24"]

1. d4 e6 2. c4 Nf6 3. g3 d5 4. Bg2 c5 5. cxd5 Nxd5 6. e4 Nb4 7. a3 Qa5 8. Kf1
cxd4 9. Nf3 e5 10. Nxe5 Qxe5 11. axb4 Nc6 12. h3 Bxb4 13. Kg1 O-O 14. Kh2 a5
15. Nd2 d3 16. Rb1 Rd8 17. b3 Qc5 18. f4 Nd4 19. e5 Ne2 20. Ne4 Qc2 21. Rb2
Qxd1 22. Rxd1 Nxc1 23. Rxc1 Ba3 24. Rcb1 Bxb2 25. Rxb2 Ra6 26. Rd2 Rb6 27. Nd6
Rbxd6 28. exd6 Rxd6 29. Be4 Be6 30. b4 axb4 31. Bxb7 f5 32. Kg1 Bb3 0-1

[Event "Benidorm 2002 - sub2300"]
[Site "Benidorm ESP"]
[Date "2002.11.29"]
[Round "8.14"]
[White "Rodriguez Gonzalez, Javier"]
[Black "Cantero Navarro, Antonio"]
[Result "0-1"]
[WhiteElo "2142"]
[BlackElo "2221"]
[PlyCount "60"]
[EventDate "2002.11.22"]
[EventType "swiss"]
[EventRounds "9"]
[EventCountry "ESP"]
[Source "lmi"]
[SourceDate "2002.11.24"]

1. d4 d5 2. Nf3 Nf6 3. Bf4 c5 4. e3 Nc6 5. c3 Qb6 6. b3 Bf5 7. Be2 h6 8. O-O e6
9. Nbd2 Be7 10. Re1 O-O 11. Nf1 Ne4 12. Rc1 g5 13. Bg3 cxd4 14. Nxd4 Nxd4 15.
Qxd4 Ba3 16. Qa4 Bxc1 17. Rxc1 Nxg3 18. Nxg3 Bg6 19. h4 f5 20. hxg5 hxg5 21.
Bh5 Be8 22. Bxe8 Raxe8 23. Nh5 Re7 24. c4 Qc6 25. Qxa7 Rh7 26. Ng3 f4 27. Ne2
b6 28. Qa3 fxe3 29. fxe3 Qc7 30. g3 Qf7 0-1

[Event "Benidorm 2002 - sub2300"]
[Site "Benidorm ESP"]
[Date "2002.11.29"]
[Round "8.15"]
[White "Pascual Paredes, Javier"]
[Black "Gabaldon Gomez, Miguel A."]
[Result "1-0"]
[WhiteElo "2220"]
[BlackElo "2181"]
[PlyCount "105"]
[EventDate "2002.11.22"]
[EventType "swiss"]
[EventRounds "9"]
[EventCountry "ESP"]
[Source "lmi"]
[SourceDate "2002.11.24"]

1. e4 g6 2. d4 Bg7 3. Nc3 d6 4. Be3 c6 5. Nf3 Nd7 6. Qd2 a6 7. Bd3 b5 8. a4 Bb7
9. O-O b4 10. Ne2 Qa5 11. Ng3 c5 12. c3 bxc3 13. Qxc3 Qd8 14. Qd2 cxd4 15. Bxd4
Ngf6 16. Rfe1 O-O 17. Qb4 Qb8 18. Rad1 Ng4 19. Bxg7 Kxg7 20. Rc1 Kg8 21. h3
Nge5 22. Nxe5 Nxe5 23. Bb1 Rc8 24. Ne2 Bc6 25. Qd4 Qb3 26. f4 Nd7 27. Bc2 Qb7
28. b4 Rab8 29. Rb1 Qb6 30. a5 Qb7 31. Nc3 Bb5 32. Bb3 Nf8 33. Nd5 Ne6 34. Qf2
Bd3 35. f5 Bxb1 36. fxe6 fxe6 37. Rxb1 Kh8 38. Nb6 Rf8 39. Qh4 Rf6 40. Rf1 Rbf8
41. Rxf6 Rxf6 42. Qg4 Qc6 43. Bc4 h5 44. Qe2 Rf4 45. Qe3 Qxe4 46. Qxe4 Rxe4 47.
Bxa6 Rxb4 48. Bf1 Rb2 49. a6 Ra2 50. Nc8 Kg7 51. a7 e5 52. Bb5 Ra1+ 53. Kf2 1-0

[Event "Benidorm 2002 - sub2300"]
[Site "Benidorm ESP"]
[Date "2002.11.29"]
[Round "8.16"]
[White "Tello Nuñez, Alejandro"]
[Black "Renteria Becerra, Jorge"]
[Result "0-1"]
[WhiteElo "2182"]
[BlackElo "2280"]
[PlyCount "60"]
[EventDate "2002.11.22"]
[EventType "swiss"]
[EventRounds "9"]
[EventCountry "ESP"]
[Source "lmi"]
[SourceDate "2002.11.24"]

1. d4 Nf6 2. c4 c5 3. d5 b5 4. cxb5 a6 5. bxa6 g6 6. Nc3 Bxa6 7. e4 Bxf1 8.
Kxf1 d6 9. g3 Bg7 10. Kg2 O-O 11. Nf3 Nbd7 12. Bg5 h6 13. Bd2 Qa5 14. Rb1 Rfb8
15. Qc2 Ne8 16. Rhe1 Nc7 17. Re2 Nb5 18. Ra1 Nd4 19. Nxd4 cxd4 20. Nd1 Qa6 21.
Re1 Nc5 22. b4 Nd3 23. Nb2 Nxe1+ 24. Bxe1 d3 25. Qd2 Rc8 26. Rc1 Rxc1 27. Qxc1
Rc8 28. b5 Rxc1 29. bxa6 Bxb2 30. Bd2 Rc4 0-1

[Event "Benidorm 2002 - sub2300"]
[Site "Benidorm ESP"]
[Date "2002.11.29"]
[Round "8.19"]
[White "Fenollar Jorda, Manuel"]
[Black "Chaverra, Bismarck"]
[Result "1-0"]
[WhiteElo "2235"]
[BlackElo "2178"]
[PlyCount "47"]
[EventDate "2002.11.22"]
[EventType "swiss"]
[EventRounds "9"]
[EventCountry "ESP"]
[Source "lmi"]
[SourceDate "2002.11.24"]

1. e4 g6 2. d4 c6 3. Nc3 Bg7 4. Be3 d6 5. Qd2 b5 6. f3 Nd7 7. Nh3 Ngf6 8. Bh6
O-O 9. Nf2 b4 10. Ne2 c5 11. h4 cxd4 12. Nxd4 Qb6 13. Bxg7 Kxg7 14. h5 Nc5 15.
O-O-O Rg8 16. hxg6 fxg6 17. Bc4 e6 18. Qh6+ Kf7 19. Nh3 Rg7 20. Ng5+ Kg8 21.
Ngxe6 Nxe6 22. Nxe6 Bxe6 23. Bxe6+ Kh8 24. Qf4 1-0

[Event "Benidorm 2002 - sub2300"]
[Site "Benidorm ESP"]
[Date "2002.11.30"]
[Round "9.1"]
[White "Fontana Sotomayor, Luis J."]
[Black "Taboas Rodriguez, Daniel"]
[Result "1/2-1/2"]
[WhiteElo "2268"]
[BlackElo "2296"]
[PlyCount "46"]
[EventDate "2002.11.22"]
[EventType "swiss"]
[EventRounds "9"]
[EventCountry "ESP"]
[Source "lmi"]
[SourceDate "2002.11.24"]

1. Nc3 d5 2. e4 e6 3. Nf3 Nf6 4. e5 Nfd7 5. d4 c5 6. dxc5 Nc6 7. Bf4 Be7 8. Bg3
Nxc5 9. Bb5 a6 10. Bxc6+ bxc6 11. Nd4 Qb6 12. Rb1 a5 13. O-O O-O 14. b3 Ba6 15.
Re1 Nd3 16. Re3 Qxd4 17. Ne2 Qb4 18. cxd3 Rfb8 19. Rf3 Qa3 20. Rf4 Bg5 21. Rg4
Bh6 22. Bf4 Rb4 23. Nd4 Bxf4 1/2-1/2

[Event "Benidorm 2002 - sub2300"]
[Site "Benidorm ESP"]
[Date "2002.11.30"]
[Round "9.2"]
[White "Cardenas Valero, Ramon"]
[Black "Buenafe Moya, Javier"]
[Result "1-0"]
[WhiteElo "2300"]
[BlackElo "2254"]
[PlyCount "61"]
[EventDate "2002.11.22"]
[EventType "swiss"]
[EventRounds "9"]
[EventCountry "ESP"]
[Source "lmi"]
[SourceDate "2002.11.24"]

1. e4 c5 2. Nc3 e6 3. f4 d5 4. exd5 exd5 5. Bb5+ Nc6 6. Bxc6+ bxc6 7. d3 Nf6 8.
Nf3 Bd6 9. O-O O-O 10. b3 Qc7 11. Ba3 Bxf4 12. Bxc5 Ng4 13. Bxf8 Kxf8 14. Ne2
Be3+ 15. Kh1 Nf2+ 16. Rxf2 Bxf2 17. Qd2 Bc5 18. Rf1 Bg4 19. Ng5 f6 20. h3 Bd7
21. d4 Be7 22. Qd3 g6 23. Nf4 Ke8 24. Nxg6 fxg5 25. Nxe7 Be6 26. Nf5 g4 27. Qe3
Kd7 28. Ng7 Bg8 29. Re1 Kc8 30. Qg5 h6 31. Qf6 1-0

[Event "Benidorm 2002 - sub2300"]
[Site "Benidorm ESP"]
[Date "2002.11.30"]
[Round "9.3"]
[White "Mate Adan, Carlos"]
[Black "Varga Nowak, Mariano"]
[Result "1-0"]
[WhiteElo "2296"]
[BlackElo "2275"]
[PlyCount "55"]
[EventDate "2002.11.22"]
[EventType "swiss"]
[EventRounds "9"]
[EventCountry "ESP"]
[Source "lmi"]
[SourceDate "2002.11.24"]

1. e4 c5 2. Nc3 Nc6 3. g3 e6 4. Bg2 g6 5. d3 Bg7 6. Be3 d6 7. Qd2 h6 8. Nf3 Nd4
9. O-O Ne7 10. Rab1 Nec6 11. a3 Nxf3+ 12. Bxf3 Nd4 13. Bg2 Rb8 14. b4 Kf8 15.
bxc5 dxc5 16. Na4 Qc7 17. c3 Bd7 18. cxd4 Bxa4 19. dxc5 e5 20. Qb4 Bc6 21. f4
Rd8 22. Rbd1 a5 23. Qc4 Qd7 24. fxe5 Bxe5 25. d4 Bb5 26. Rxf7+ Qxf7 27. Qxb5
Kg7 28. Rf1 1-0

[Event "Benidorm 2002 - sub2300"]
[Site "Benidorm ESP"]
[Date "2002.11.30"]
[Round "9.4"]
[White "Bosque Ortega, Javier"]
[Black "Contreras Rodriguez, Henry"]
[Result "0-1"]
[WhiteElo "2249"]
[BlackElo "2286"]
[PlyCount "68"]
[EventDate "2002.11.22"]
[EventType "swiss"]
[EventRounds "9"]
[EventCountry "ESP"]
[Source "lmi"]
[SourceDate "2002.11.24"]

1. d4 Nf6 2. Nf3 b6 3. Bf4 Bb7 4. e3 e6 5. Nbd2 Be7 6. Bd3 Nh5 7. Bg3 d6 8. Qe2
Nd7 9. e4 a6 10. e5 d5 11. O-O c5 12. c3 c4 13. Bc2 b5 14. h3 Nxg3 15. fxg3 Qb6
16. Nh4 g6 17. Rf2 Rf8 18. b3 cxb3 19. axb3 b4 20. Qe3 bxc3 21. Nb1 f6 22.
Bxg6+ hxg6 23. Nxg6 fxe5 24. Nxf8 Bxf8 25. Rxf8+ Kxf8 26. Qh6+ Ke7 27. Nxc3
Qxd4+ 28. Kh2 Qxc3 29. Rf1 e4 30. Qg5+ Kd6 31. Rf7 Re8 32. Qf4+ Kc6 33. h4 Ne5
34. Rh7 Rg8 0-1

[Event "Benidorm 2002 - sub2300"]
[Site "Benidorm ESP"]
[Date "2002.11.30"]
[Round "9.5"]
[White "Lacrosse, Marc"]
[Black "Baños, Oscar"]
[Result "1/2-1/2"]
[WhiteElo "2256"]
[BlackElo "2284"]
[PlyCount "76"]
[EventDate "2002.11.22"]
[EventType "swiss"]
[EventRounds "9"]
[EventCountry "ESP"]
[Source "lmi"]
[SourceDate "2002.11.24"]

1. d4 f5 2. g3 Nf6 3. Bg2 g6 4. c4 Bg7 5. Nc3 O-O 6. Nf3 d6 7. O-O Nc6 8. d5
Na5 9. Qd3 c5 10. b3 Rb8 11. Bb2 a6 12. Rab1 b5 13. Ba1 Qe8 14. Nd2 Ng4 15. e3
g5 16. h3 Ne5 17. Qe2 f4 18. exf4 gxf4 19. g4 bxc4 20. bxc4 Rxb1 21. Rxb1 Naxc4
22. Nxc4 f3 23. Qe4 fxg2 24. Nxe5 Bxe5 25. Ne2 Qf7 26. Qxg2 Bxa1 27. Rxa1 Bb7
28. Nc3 Qf3 29. Rb1 Qxc3 30. Rxb7 Qa1+ 31. Qf1 Qxa2 32. Rxe7 Qxd5 33. Qa1 Qg5
34. Qe1 Qf6 35. Re6 Qf4 36. Re4 Qf3 37. Re3 Qf4 38. Re4 Qf3 1/2-1/2

[Event "Benidorm 2002 - sub2300"]
[Site "Benidorm ESP"]
[Date "2002.11.30"]
[Round "9.6"]
[White "Cantero Navarro, Antonio"]
[Black "Ferron Garcia, Carlos"]
[Result "0-1"]
[WhiteElo "2221"]
[BlackElo "2283"]
[PlyCount "104"]
[EventDate "2002.11.22"]
[EventType "swiss"]
[EventRounds "9"]
[EventCountry "ESP"]
[Source "lmi"]
[SourceDate "2002.11.24"]

1. e4 e5 2. Nf3 Nc6 3. Bc4 Nf6 4. d3 h6 5. c3 d6 6. O-O g6 7. d4 Qe7 8. Re1 Nh5
9. Nbd2 Qf6 10. h3 Bg7 11. Nf1 O-O 12. Ne3 Ne7 13. Ng4 Bxg4 14. hxg4 Nf4 15. g3
Ne6 16. d5 Ng5 17. Nxg5 hxg5 18. Kg2 Nc8 19. Be3 Qd8 20. Rh1 f6 21. f4 gxf4 22.
gxf4 exf4 23. Bxf4 g5 24. Be3 Qe8 25. Qf3 Ne7 26. Bd3 Ng6 27. e5 Nxe5 28. Bh7+
Kf7 29. Qe4 Rh8 30. b3 Rxh7 31. Rxh7 Ng6 32. Qd3 Qd7 33. Kg3 Qxg4+ 34. Kxg4
Ne5+ 35. Kf5 Nxd3 36. Bd4 Kg8 37. Rah1 Rf8 38. Rxg7+ Kxg7 39. c4 Ne5 40. Rh5 b6
41. b4 Nf3 42. Bf2 Re8 43. Rh3 Nh4+ 44. Bxh4 Re5+ 45. Kg4 Re4+ 46. Kh5 Rxh4+
47. Rxh4 gxh4 48. Kxh4 Kg6 49. Kg4 f5+ 50. Kf4 Kf6 51. a4 a5 52. c5 dxc5 0-1

[Event "Benidorm 2002 - sub2300"]
[Site "Benidorm ESP"]
[Date "2002.11.30"]
[Round "9.7"]
[White "Buchenau, Frank"]
[Black "Pascual Paredes, Javier"]
[Result "1-0"]
[WhiteElo "2276"]
[BlackElo "2220"]
[PlyCount "51"]
[EventDate "2002.11.22"]
[EventType "swiss"]
[EventRounds "9"]
[EventCountry "ESP"]
[Source "lmi"]
[SourceDate "2002.11.24"]

1. e4 c5 2. g3 Nc6 3. Bg2 g6 4. c3 Bg7 5. Ne2 e5 6. d3 Nge7 7. Be3 d6 8. O-O
O-O 9. d4 exd4 10. cxd4 Qb6 11. Nbc3 cxd4 12. Na4 Qa5 13. Nxd4 Ne5 14. Nc3 Nc4
15. Qe2 Nxe3 16. Qxe3 Qb6 17. Rfd1 Bd7 18. Rd3 Rac8 19. Qd2 Rfd8 20. Rd1 Bg4
21. Re1 Rc4 22. Ndb5 Be5 23. Qg5 a6 24. Na3 Rd4 25. Qxe7 Rxd3 26. Nc4 1-0

[Event "Benidorm 2002 - sub2300"]
[Site "Benidorm ESP"]
[Date "2002.11.30"]
[Round "9.8"]
[White "Gomez Anadon, Daniel"]
[Black "Bolado Saez, Sergio"]
[Result "0-1"]
[WhiteElo "2218"]
[BlackElo "2288"]
[PlyCount "74"]
[EventDate "2002.11.22"]
[EventType "swiss"]
[EventRounds "9"]
[EventCountry "ESP"]
[Source "lmi"]
[SourceDate "2002.11.24"]

1. e4 c5 2. Nf3 d6 3. d4 cxd4 4. Nxd4 Nf6 5. Nc3 a6 6. f3 e5 7. Nb3 Be6 8. Be3
Be7 9. Qd2 O-O 10. O-O-O Qc7 11. g4 Rc8 12. Kb1 d5 13. exd5 Nxd5 14. Nxd5 Bxd5
15. Qf2 Qc6 16. Bg2 a5 17. Rhg1 a4 18. Nc1 a3 19. b3 Na6 20. c4 Qg6+ 21. Qc2
Qxc2+ 22. Kxc2 Be6 23. Nd3 b5 24. Nxe5 f6 25. f4 fxe5 26. Bxa8 bxc4 27. f5
cxb3+ 28. Kb1 bxa2+ 29. Ka1 Bf7 30. Be4 Bb4 31. Rc1 Bc3+ 32. Rxc3 Rxc3 33. Rc1
Rxe3 34. Rc8+ Be8 35. Rxe8+ Kf7 36. Rxe5 Kf8 37. Kxa2 Nb4+ 0-1

[Event "Benidorm 2002 - sub2300"]
[Site "Benidorm ESP"]
[Date "2002.11.30"]
[Round "9.9"]
[White "Renteria Becerra, Jorge"]
[Black "Galvan Huaraca, Jesus"]
[Result "1-0"]
[WhiteElo "2280"]
[BlackElo "2204"]
[PlyCount "71"]
[EventDate "2002.11.22"]
[EventType "swiss"]
[EventRounds "9"]
[EventCountry "ESP"]
[Source "lmi"]
[SourceDate "2002.11.24"]

1. e4 c5 2. Nc3 Nc6 3. g3 g6 4. Bg2 Bg7 5. d3 d6 6. Be3 e6 7. f4 Nge7 8. Qd2
Rb8 9. Nf3 Nd4 10. O-O O-O 11. Nd1 Nxf3+ 12. Bxf3 b6 13. h3 Bb7 14. g4 f5 15.
c3 Qd7 16. Bg2 d5 17. exf5 exf5 18. d4 fxg4 19. hxg4 Qxg4 20. dxc5 d4 21. cxd4
Rbd8 22. cxb6 axb6 23. Kh2 Rf5 24. Kg1 Rh5 25. Rf2 Nf5 26. d5 Bxd5 27. Bxb6 Qh4
28. Bxd5+ Kh8 29. Bxd8 Qxd8 30. Bf3 Bd4 31. Bxh5 gxh5 32. Rc1 Qh4 33. Rc8+ Kg7
34. Rc3 Kf7 35. Qe2 Qf6 36. Qxh5+ 1-0

[Event "Benidorm 2002 - sub2300"]
[Site "Benidorm ESP"]
[Date "2002.11.30"]
[Round "9.10"]
[White "Anglada Lobarte, Jose Andres"]
[Black "Carbonell Bofill, Carlos"]
[Result "0-1"]
[WhiteElo "2231"]
[BlackElo "2278"]
[PlyCount "104"]
[EventDate "2002.11.22"]
[EventType "swiss"]
[EventRounds "9"]
[EventCountry "ESP"]
[Source "lmi"]
[SourceDate "2002.11.24"]

1. e4 e6 2. d4 d5 3. e5 c5 4. c3 Nc6 5. a3 a5 6. Be3 Qb6 7. Qd2 a4 8. dxc5 Bxc5
9. Bxc5 Qxc5 10. Nf3 Nge7 11. Bd3 Na5 12. Qd1 Bd7 13. O-O Qb6 14. Qe2 Nb3 15.
Ra2 Nc5 16. Nd4 Nxd3 17. Qxd3 Nc6 18. Re1 O-O 19. Nd2 Nxd4 20. cxd4 Rfc8 21.
Nf3 Qb3 22. Qb1 Bb5 23. Nd2 Qc2 24. b4 Qc3 25. Nf3 Bd3 26. Qa1 h6 27. h3 Rc4
28. Qxc3 Rxc3 29. Re3 Rac8 30. Kh2 g5 31. Kg3 Kg7 32. h4 Kg6 33. Ra1 Bf5 34.
hxg5 hxg5 35. Ra2 Bb1 36. Ra1 Be4 37. Kg4 Rxe3 38. fxe3 Rc2 39. Kg3 Re2 40. Rc1
Rxe3 41. Rc7 b5 42. Rc5 Bd3 43. Rc3 Kf5 44. Rc7 g4 45. Rxf7+ Kg6 46. Rf6+ Kh5
47. Rxe6 gxf3 48. gxf3 Be4 49. Rb6 Rxa3 50. Rxb5 Rxf3+ 51. Kh2 Kg4 52. Ra5 Rf1
0-1

[Event "Benidorm 2002 - sub2300"]
[Site "Benidorm ESP"]
[Date "2002.11.30"]
[Round "9.11"]
[White "Kuzev, Jordan"]
[Black "Serrano Marhuenda, Salvador"]
[Result "1-0"]
[WhiteElo "2277"]
[BlackElo "2196"]
[PlyCount "114"]
[EventDate "2002.11.22"]
[EventType "swiss"]
[EventRounds "9"]
[EventCountry "ESP"]
[Source "lmi"]
[SourceDate "2002.11.24"]

1. Nf3 Nf6 2. c4 g6 3. Nc3 d6 4. d4 Bg7 5. Bg5 O-O 6. e3 Nbd7 7. Be2 c5 8. O-O
h6 9. Bh4 g5 10. Bg3 Nh5 11. dxc5 Nxg3 12. hxg3 Nxc5 13. Qc2 a5 14. Rfd1 f5 15.
Rac1 Bd7 16. Nd4 a4 17. Bf3 g4 18. Be2 Qa5 19. Bf1 Rae8 20. Nd5 e6 21. Nc3 Rd8
22. Ndb5 Bxb5 23. Nxb5 Be5 24. Nd4 Kg7 25. Bd3 Rf6 26. Ne2 Qb6 27. Rb1 Qb4 28.
Nf4 Bxf4 29. exf4 h5 30. Bf1 Rf7 31. Rd4 Rfd7 32. Rbd1 Kf6 33. Qc1 Kf7 34. R1d2
Ne4 35. R2d3 Qc5 36. Qc2 b5 37. b4 axb3 38. axb3 Rc7 39. Qb2 b4 40. Kh2 Kg6 41.
f3 Nc3 42. Qd2 Rc6 43. Qe3 Re8 44. Rd2 Kf6 45. Bd3 Ra6 46. Bc2 Rh8 47. Qd3 h4
48. gxh4 gxf3 49. g3 Ne4 50. Rxe4 fxe4 51. Qxe4 Qh5 52. Bd1 Qf5 53. Qxf3 Rha8
54. Kg2 Ra1 55. g4 Qc5 56. g5+ Kg7 57. Qb7+ Kh8 1-0

[Event "Benidorm 2002 - sub2300"]
[Site "Benidorm ESP"]
[Date "2002.11.30"]
[Round "9.12"]
[White "Ballesteros Gonzalez, David"]
[Black "Estrada Martinez, Cesar"]
[Result "1-0"]
[WhiteElo "2277"]
[BlackElo "2181"]
[PlyCount "33"]
[EventDate "2002.11.22"]
[EventType "swiss"]
[EventRounds "9"]
[EventCountry "ESP"]
[Source "lmi"]
[SourceDate "2002.11.24"]

1. d4 d5 2. c4 c6 3. Nf3 Nf6 4. e3 g6 5. Nc3 Bg7 6. Bd3 O-O 7. O-O dxc4 8. Bxc4
Bf5 9. a4 a5 10. Qb3 Bc8 11. e4 Nfd7 12. Ng5 Qe8 13. e5 e6 14. Nce4 c5 15. Nxh7
cxd4 16. Qh3 Qe7 17. Bg5 1-0